01379nam a2200229 i 4500001000400000003000900004005001700013008003900030040000800069080001000077100017800087245018900265260002100454500002100475520020900496650002400705700017700729700017900906942001201085999001501097952003701112BPPKOSZ 00520171116114808.0150219s1990 pl f |000 0 pol cBPK a692.5 aMACIEIK, Lesław.d1973 - 1996.bWyższa Szkoła Inżynierska w Koszalinie - Wydział Inżynierii Lądowej i Sanitarnej,cZakład Budownictwa i Materiałów Budowlanych aEkspertyza techniczna ustalenia przyczyn odspajania płyt posadzki mozaikowej z drewna w budynku nr. 13 przy ul. Orlej w Koszalinie /cLesław Macieik, Józef Kobaka, Zenon Machowski. aKoszalin,c1990. aDane z autopsji. aCelem ekspertyzy było ustalenie przyczyn odspajania się podłoża i deformacji płyt mozaikowych drewnianych oraz podanie sposobu usunięcia wad i usterek jak też uniknięcia ich w przyszłości. aPodłoga drewniana. aKOBAKA, Józef.d1989 - 1996.bWyższa Szkoła Inżynierska w Koszalinie - Wydział Inżynierii Lądowej i Sanitarnej,cŚrodowiskowe Laboratorium Techniki Budowlanej aMACHOWSKI, Zenon.d1985 - 1992.bWyższa Szkoła Inżynierska w Koszalinie - Wydział Inżynierii Lądowej i Sanitarnej,cŚrodowiskowe Laboratorium Techniki Budowlanwej cMN2UKD c2285d2285 00104070aBPKbBPKoNB-289yMN